Predstavujeme Vedeckú radu národných parkov SR

Bibliographic Details
Format: Article
Language:Slovak
PhysicalDescription:Fotogr. 1
ISSN:1335-230X
Subjects:

MARC

LEADER 00000nab a2200000 a 4500
001 vtls000644182
003 SK-MaSNL
005 20260304095754.0
008 250425c1997 xo 0 slo
015 |a SNBRB19rr/mm-uuuuu 
035 |a CL0644321 
035 |a (urnnbn)urn:nbn:sk:snk:ar-006rqv 
035 |a (uuid)3dbe418a-f6cf-42e2-98d7-57fe626d1dcf 
035 |a urn:nbn:sk:snk-ab89b8 
040 |a SNKBUCL  |b slo  |c SNKBUCL  |e AACR2 
041 0 |a slo 
044 |a xo  |c SK 
080 |a 502.4:061.22(437.6)  |2 1981 
245 0 0 |a Predstavujeme Vedeckú radu národných parkov SR 
300 |b Fotogr. 1 
650 0 7 |a Vedecká rada národných parkov Slovenskej republiky  |2 snkbucl  |9 1393284 
655 7 |a články z novín a časopisov  |2 snkbucl  |9 267496 
773 0 |t Národné parky  |g Roč. 1, č. 2 (1997), s. 2  |x 1335-230X 
850 |a Slovenská národná knižnica 
852 |a Slovenská národná knižnica 
958 |a article9 
958 |a OND 
958 |a SK 
958 |a RK 
992 |a RBX 
999 |c 2834326  |d 2836256